Farm animals / (Record no. 2310)

MARC details
000 -LEADER
fixed length control field 01230nam a22002297a 4500
005 - DATE AND TIME OF LATEST TRANSACTION
control field 20231115160031.0
020 ## - INTERNATIONAL STANDARD BOOK NUMBER
International Standard Book Number 9780756605360
040 ## - CATALOGING SOURCE
Original cataloging agency FISKH
Language of cataloging eng
Transcribing agency FISKH
Modifying agency FISKH
050 ## - LIBRARY OF CONGRESS CALL NUMBER
Classification number SF75.F367
082 ## - DEWEY DECIMAL CLASSIFICATION NUMBER
Classification number 636
100 ## - MAIN ENTRY--PERSONAL NAME
Personal name Anonymous
245 ## - TITLE STATEMENT
Title Farm animals /
250 ## - EDITION STATEMENT
Edition statement First American Edition, 2004
260 ## - PUBLICATION, DISTRIBUTION, ETC.
Place of publication, distribution, etc. New York :
Name of publisher, distributor, etc. DK Publishing,
Date of publication, distribution, etc. 2004
300 ## - PHYSICAL DESCRIPTION
Extent 27 unnumbered pages :
Other physical details illustrations
Dimensions 23 cm
505 ## - FORMATTED CONTENTS NOTE
Formatted contents note F
520 ## - SUMMARY, ETC.
Summary, etc. Meet all the animals and their babies on the farm! Make reading in English and Spanish your superpower with DK's beautiful, leveled nonfiction. Use your bilingual reading superpowers to learn all about farm animals--a high-quality, fun, nonfiction reader carefully leveled to help children progress. Farm Animals - Los animales de la granja is a beautifully designed reader about farm favorites and their babies. The engaging text has been carefully leveled using Lexile so that children are set up to succeed. A motivating introduction to using essential nonfiction reading skills in Spanish and English. Children will love to find out about farm animals and their babies.
521 ## - TARGET AUDIENCE NOTE
Target audience note 300
Source Lexile estimate
521 ## - TARGET AUDIENCE NOTE
Target audience note F
Source Raz-Plus
942 ## - ADDED ENTRY ELEMENTS (KOHA)
Source of classification or shelving scheme Dewey Decimal Classification
Koha item type Books
Suppress in OPAC No
999 ## -
-- 2310
-- 2310
Holdings
Withdrawn status Lost status Source of classification or shelving scheme Damaged status Not for loan Collection Home library Current library Shelving location Date acquired Total Checkouts Full call number Barcode Date last seen Copy number Price effective from Koha item type Date last checked out
    Dewey Decimal Classification     Non-Fiction Footprints International School Library Network Toul Kork Campus Footprints International School Library Network Toul Kork Campus TK Primary Library Room(4th Floor), Bookcase 7, Shelves 57-60, Dark Green Books 11/15/2023   ANO 636 SF75.F367 FISTK01354 11/15/2023 1 11/15/2023 Books  
    Dewey Decimal Classification     Non-Fiction Footprints International School Library Network Toul Kork Campus Footprints International School Library Network Toul Kork Campus   11/15/2023 2 ANO 636 SF75.F367 FISTK01353 03/04/2024 2 11/15/2023 Books 02/19/2024